LEADER 01155nam a2200301 u 4500 001 000000042189 003 CaOOAMICUS 005 20070226114310.0 008 990223s1978 it a u000 u ita u 035 $a10815124 040 $aPUL(R)$bita 041 1 $aita$hger 100 1 $aHäring, Hermann,$d1937-$0(OLS)http://pul/name/30754 240 10$aHans Küng.$lItaliano.$0(OLS)http://pul/title/56910 245 10$aHans Küng :$bitinerario e opera /$cHermann Häring [und] Karl Josef Kuschel. 260 $aBrescia :$bQueriniana,$c1978. 300 $a245 p. ;$c20 cm 490 1 $aGiornale di teologia ;$v111 600 14$aKüng, Hans,$d1928-$0(OLS)http://pul/subject/18830 700 1 $aKuschel, Karl-Josef.$0(OLS)http://pul/name/26453 830 0$aGiornale di teologia ;$v111.$0(OLS)http://pul/title/9027 850 $aPUL 852 $aPUL$W1$xSL Religione 3$y85$m200 GDT 1.111$j57070$nBK-PRI$qDDC 21$B57070$CPULBib$Z2$F57070 $82 941 1 $a9 961 $aINV: 47053 983 0$aGdT. 996 $6245$aHans Küng :$bitinerario e opera$9(OLS)http://pul/title/56911 996 $6260$aBrescia :$bQueriniana$9(OLS)http://pul/publisher/47906 LEADER 01165nam a2200277 a 4500 001 000000120528 003 CaOOAMICUS 005 20100304154723.0 008 100304s2009 it 000 u ita r 020 $a978-88-95675-63-3 040 $aPUL$bita$dReb 100 1 $aChiné, Giuseppe.$0(OLS)http://pul/name/66086 245 10$aManuale di diritto civile /$cGiuseppe Chinè, Andrea Zoppini. 260 $aRoma :$bNeldiritto,$c2009. 300 $axlvi, 2449 p.;$c25 cm. 490 1 $aManuali superiori 504 $aInclude riferimenti bibliografici ed indice. 650 4$aDiritto civile$zItalia$vManuali.$0(OLS)http://pul/subject/34129 700 1 $aZoppini, Andrea.$0(OLS)http://pul/name/75385 830 0$aManuali superiori.$0(OLS)http://pul/title/143720 850 $aPUL 852 $aPUL$W1$xDP2 Diritto e Scienze Sociali 3$y110$m346. 45 CHIGI 1$j138162$qDDC 21$B137368$CPULBib$Z2$F137368 $H112582 $82 941 1 $a9 996 $6020$a978-88-95675-63-3$9(OLS)http://pul/number/143509 996 $6245$aManuale di diritto civile$9(OLS)http://pul/title/151584 996 $6260$aRoma :$bNeldiritto$9(OLS)http://pul/publisher/79815